Catalog

Record Details

Catalog Search



Veršované rozcvičky pro kluky a holčičky  Cover Image Book Book

Veršované rozcvičky pro kluky a holčičky / Romana Suchá ; ilustrace Vendula Hegerová

Record details

  • ISBN: 978-80-7367-619-3
  • Physical Description: 95 s. : barev. il. ; 20 cm
  • Edition: Vyd. 1.
  • Publisher: Praha : Portál, 2009
Subject: děti předškolního věku
pohybová výchova
tělesná cvičení
řečové dovednosti
preschool children
movement education
exercises
speech ability
Genre: říkadla
publikace pro děti
children's poetry
children's literature

Available copies

  • 1 of 1 copy available at Common Catalog SPOK.

Holds

  • 0 current holds with 1 total copy.
Show Only Available Copies
Location Call Number / Copy Notes Barcode Shelving Location Status Due Date
Jabok Library Ped-3.5.1.2/S 424480023522 Odborná literatura Available -

LDR 01684nam a2200481 a 4500
00114235
003CZ-PrJAB
00520191105153655.0
007ta
008090807s2009 xr a a 000 p cze
015 . ‡acnb001965743
020 . ‡a978-80-7367-619-3 ‡q(váz.)
035 . ‡a(CZ PrNK)nkc20091965743
035 . ‡a(OCoLC)465271800
040 . ‡aABA001 ‡bcze
072 7. ‡a373.2/.3 ‡xPředškolní a primární výchova a vzdělávání ‡2Konspekt ‡922
072 7. ‡a0/9-053.2 ‡xLiteratura pro děti a mládež (naučná) ‡2Konspekt ‡926
080 . ‡a316.346.32-053.4 ‡2MRF
080 . ‡a793.3:37.016 ‡2MRF
080 . ‡a613.72 ‡2MRF
080 . ‡a81'233 ‡2MRF
080 . ‡a(0:82-193) ‡2MRF
080 . ‡a(0.053.2) ‡2MRF
1001 . ‡aSuchá, Romana, ‡d1973- ‡7mzk2006348744 ‡4aut
24510. ‡aVeršované rozcvičky pro kluky a holčičky / ‡cRomana Suchá ; ilustrace Vendula Hegerová
250 . ‡aVyd. 1.
260 . ‡aPraha : ‡bPortál, ‡c2009
300 . ‡a95 s. : ‡bbarev. il. ; ‡c20 cm
65007. ‡aděti předškolního věku ‡7ph119710 ‡2czenas
65007. ‡apohybová výchova ‡7ph124202 ‡2czenas
65007. ‡atělesná cvičení ‡7ph126832 ‡2czenas
65007. ‡ařečové dovednosti ‡7ph128299 ‡2czenas
65009. ‡apreschool children ‡2eczenas
65009. ‡amovement education ‡2eczenas
65009. ‡aexercises ‡2eczenas
65009. ‡aspeech ability ‡2eczenas
655 7. ‡aříkadla ‡7fd133992 ‡2czenas
655 7. ‡apublikace pro děti ‡7fd133156 ‡2czenas
655 9. ‡achildren's poetry ‡2eczenas
655 9. ‡achildren's literature ‡2eczenas
7001 . ‡aHegerová, Vendula, ‡d1976- ‡7ola2003204967 ‡4ill
910 . ‡aABG312
995 . ‡aska
901 . ‡a14235 ‡bCZ PrNK ‡c14235 ‡tbiblio

Additional Resources